[Event "Hofheim Spring op-B 3rd"]
[Site "Hofheim"]
[Date "2015.04.11"]
[Round "9"]
[White "Bogucanin, Mirsad"]
[Black "Acikel, Mert"]
[Result "1-0"]
[WhiteElo "1865"]
[BlackElo "1889"]
[PlyCount "53"]
[EventDate "2015.04.07"]
[EventType "swiss"]
[EventRounds "9"]
[EventCountry "GER"]
[SourceTitle "EXT 2016"]
[Source "ChessBase"]
[SourceDate "2015.10.08"]
[SourceVersion "1"]
[SourceVersionDate "2015.10.08"]
[SourceQuality "1"]

1. c4 e6 2. Nf3 Nf6 3. d4 d5 4. e3 Be7 5. Nc3 0-0 6. Bd3 b6 7. 0-0 Bb7 8. Ne5 Nbd7 9. f4 c5 10. cxd5 Nxd5 11. Bd2 Nxe5 12. dxe5 Nxc3 13. Bxc3 Qc7 14. Qe2 Rad8 15. Rad1 Bd5 16. b3 Qb7 17. e4 Bc6 18. f5 exf5 19. exf5 f6 20. Bc4+ Bd5 21. Rxd5 Rxd5 22. Rd1 Rfd8 23. Qf3 Kh8 24. Rxd5 Rxd5 25. Qxd5 Qxd5 26. Bxd5 fxe5 27. Bxe5 1-0

[Event "Karl Mala Memorial op-A 16th"]
[Site "Frankfurt"]
[Date "2013.07.13"]
[Round "4"]
[White "Bogucanin, Mirsad"]
[Black "Kilthau, Peter"]
[Result "0-1"]
[WhiteElo "1837"]
[BlackElo "1911"]
[PlyCount "120"]
[EventDate "2013.07.11"]
[EventType "swiss"]
[EventRounds "7"]
[EventCountry "GER"]
[SourceTitle "EXT 2014"]
[Source "ChessBase"]
[SourceDate "2013.11.20"]
[SourceVersion "1"]
[SourceVersionDate "2013.11.20"]
[SourceQuality "1"]

1. c4 Nf6 2. Nf3 e6 3. g3 d5 4. d4 Nc6 5. Bg2 dxc4 6. Qa4 Bd7 7. Qxc4 Be7 8. 0-0 0-0 9. Nc3 a6 10. Bf4 b5 11. Qd3 Rc8 12. Rfd1 Nb4 13. Qd2 Nbd5 14. Bg5 Nxc3 15. bxc3 Bc6 16. Ne5 Bxg2 17. Kxg2 Qd5+ 18. f3 c5 19. e4 Qb7 20. Rab1 Nxe4 21. fxe4 Qxe4+ 22. Nf3 Bxg5 23. Qxg5 Qe2+ 24. Kh3 Qxf3 25. dxc5 f6 26. Qg4 Qxg4+ 27. Kxg4 Rxc5 28. Rd6 Ra8 29. Rxe6 Ra7 30. Rb3 Kf7 31. Rb6 Rc4+ 32. Kh3 Ra4 33. a3 Rd7 34. Rc6 Rd3 35. Rb4 Rxa3 36. Rc7+ Ke6 37. Rxg7 Raxc3 38. Rxh7 Rc4 39. Rb2 Rd5 40. Re2+ Re5 41. Ra2 Ra4 42. Rxa4 bxa4 43. Rh4 Ra5 44. Re4+ Kd5 45. Rf4 Ke5 46. Kg4 Ke6 47. Rf2 a3 48. Ra2 Kd5 49. Kf5 Kc4+ 50. Kxf6 Kb3 51. Ra1 a2 52. g4 Kb2 53. Rg1 a1Q 54. Rxa1 Rxa1 55. h4 Rf1+ 56. Kg6 a5 57. h5 a4 58. h6 a3 59. h7 Rh1 60. Kg7 a2 0-1

[Event "Karl Mala Memorial op-A 16th"]
[Site "Frankfurt"]
[Date "2013.07.12"]
[Round "2"]
[White "Grimm, Julius"]
[Black "Bogucanin, Mirsad"]
[Result "1-0"]
[WhiteElo "1908"]
[BlackElo "1837"]
[PlyCount "73"]
[EventDate "2013.07.11"]
[EventType "swiss"]
[EventRounds "7"]
[EventCountry "GER"]
[SourceTitle "EXT 2014"]
[Source "ChessBase"]
[SourceDate "2013.11.20"]
[SourceVersion "1"]
[SourceVersionDate "2013.11.20"]
[SourceQuality "1"]

1. d4 d5 2. c4 e6 3. Nc3 Nf6 4. cxd5 exd5 5. Bg5 Be7 6. e3 0-0 7. Qc2 c6 8. Bd3 Nbd7 9. Nge2 h6 10. Bh4 Re8 11. f3 a6 12. 0-0 c5 13. Rad1 c4 14. Bf5 Nf8 15. Bxf6 Bxf6 16. Bxc8 Rxc8 17. e4 dxe4 18. fxe4 Ne6 19. e5 Bg5 20. Qe4 b5 21. Qf3 Rf8 22. Ne4 f6 23. Qh3 Qe7 24. exf6 gxf6 25. Kh1 Rcd8 26. Qg4 Ng7 27. N2g3 Kh8 28. Nf5 Nxf5 29. Rxf5 Rfe8 30. Nxg5 hxg5 31. Rdf1 Qe2 32. Qh3+ Kg7 33. Rxf6 Rh8 34. Rf7+ Kg8 35. Qf5 Qh5 36. Rf8+ Kg7 37. Qf6+ 1-0